Tamadun Islam dan Tamadun Asia (TITAS) kertas 2

Bibliographic Details
Main Authors: Azhar Hj. Mad Aras (Author), Azharudin Mohd. Dali (Author), Suffian Mansor (Author), Zulkanan Abdul Rahma (Author)
Format: Book
Language:Malay
Published: Selangor : Fajar Bakti Sdn. Bhd 2001
Edition:Second Edition
Subjects:

MARC

LEADER 00000cam a2200000 7i4500
001 0000010819
005 20221029.0
008 030809 my may
020 |a 9676563838 
040 |a INS   |b eng   |c INS   |e rda 
090 0 0 |a DS36.85   |b .A228 2001 
100 0 |a Azhar Hj. Mad Aras ,   |e author 
245 1 0 |a Tamadun Islam dan Tamadun Asia (TITAS) kertas 2   |c Azhar Hj. Mad Aras, Azharudin Mohd. Dali, Suffian Mansor, Zulkanan Abdul Rahman 
250 |a Second Edition 
264 1 |a Selangor :   |b Fajar Bakti Sdn. Bhd   |c 2001 
300 |a vi, 426 pages :   |b illustrations ;   |c 25 cm. 
336 |a text  |2 rdacontent 
337 |a unmediated  |2 rdamedia 
338 |a volume  |2 rdacarrier 
504 |a Includes bibliographical references and index 
650 0 |a Asia   |x civilation 
650 0 |a Civilation Islamic 
700 0 |a Azharudin Mohd. Dali ,   |e author 
700 0 |a Suffian Mansor ,   |e author 
700 0 |a Zulkanan Abdul Rahma ,   |e author 
999 |a 0000008915   |b BOOK   |c Open Shelf   |e Default branch 
999 |a 0000010357   |b BOOK   |c Open Shelf   |e Default branch